000 00322nam a2200133Ia 4500
008 231017s9999 xx 000 0 und d
082 _a624.1934
082 _bLID
245 0 _aProceedings; Austroads national sprayed sealing workshops
245 0 _cAustroads
260 _bAustroads
300 _c30cm
942 _cREP
999 _c605614
_d605614